Štart za podmienok obmedzeného kapitálového trhu. Konštituovanie burzy cenných papierov v Bratislave.

Informácia o založení Burzy cenných papierov v Bratislave. Náplň činnosti a predpoklady efektívneho fungovania burzy. Spôsob obchodovania na burze - zürišský systém. Skúsenosti z prvej skúšky. Vplyv veľkej privatizácie a ďalšie základné východiskové podmienky.

Gespeichert in:
Bibliographische Detailangaben
1. Verfasser: Sásik, M.
Format: Buchkapitel
Sprache:Slowakisch
Schlagworte:
Tags: Tag hinzufügen
Keine Tags, Fügen Sie das erste Tag hinzu!

MARC

LEADER 00000naa a2200000 4500
001 r007707
005 20220913122233.2
041 0 |a slo 
044 |a CZ 
245 1 0 |a Štart za podmienok obmedzeného kapitálového trhu.  |b Konštituovanie burzy cenných papierov v Bratislave.  |c M. Sásik 
520 |a Informácia o založení Burzy cenných papierov v Bratislave. Náplň činnosti a predpoklady efektívneho fungovania burzy. Spôsob obchodovania na burze - zürišský systém. Skúsenosti z prvej skúšky. Vplyv veľkej privatizácie a ďalšie základné východiskové podmienky. 
610 2 0 |a burzy peňažné 
610 2 0 |a Bratislava 
610 2 0 |a papiere cenné 
610 2 0 |a privatizácia 
610 2 0 |a trh kapitálový 
610 2 0 |a obchody burzové 
100 1 |a Sásik, M.